000 00459nam a2200181Ia 4500
008 090124s9999 xx 000 0 und d
082 _b36270
100 _aARORA BOOK COMPANY
245 _aTHE MAGIC OF FAIRY TALES .
250 _a1
260 _bARORA BOOK COMPANY
300 _a80
600 _aARORA BOOK COMPANY
630 _aTHE MAGIC OF FAIRY TALES .
700 _aARORA BOOK COMPANY
730 _aTHE MAGIC OF FAIRY TALES .
942 _cBOOK
999 _c102205
_d102205